[Event "GER-ch U14 Girls"]
[Site "Willingen"]
[Date "2018.05.26"]
[Round "9"]
[White "Kunisch, Nina"]
[Black "Barutta, Larissa"]
[Result "1-0"]
[WhiteElo "1708"]
[BlackElo "1571"]
[PlyCount "27"]
[EventDate "2018.05.19"]
[EventType "swiss"]
[EventRounds "9"]
[EventCountry "GER"]
[SourceTitle "CBM 184 Extra"]
[Source "ChessBase"]
[SourceDate "2018.06.28"]
[SourceVersion "1"]
[SourceVersionDate "2018.06.28"]
[SourceQuality "1"]

1. Nf3 d5 2. g3 c5 3. Bg2 Nf6 4. 0-0 Nc6 5. d4 cxd4 6. Nxd4 e5 7. Nxc6 bxc6 8. c4 Bc5 9. cxd5 cxd5 10. Bg5 Be6 11. Nc3 0-0 12. Bxf6 Qxf6 13. Nxd5 Bxf2+ 14. Rxf2 1-0

[Event "GER-ch U14 Girls"]
[Site "Willingen"]
[Date "2018.05.20"]
[Round "2"]
[White "Kunisch, Nina"]
[Black "Reuter, Elisa"]
[Result "1/2-1/2"]
[WhiteElo "1708"]
[BlackElo "1770"]
[PlyCount "51"]
[EventDate "2018.05.19"]
[EventType "swiss"]
[EventRounds "9"]
[EventCountry "GER"]
[SourceTitle "CBM 184 Extra"]
[Source "ChessBase"]
[SourceDate "2018.06.28"]
[SourceVersion "1"]
[SourceVersionDate "2018.06.28"]
[SourceQuality "1"]

1. e4 c5 2. Nf3 g6 3. d4 cxd4 4. Qxd4 Nf6 5. Nc3 Nc6 6. Qa4 d6 7. Bg5 Bg7 8. h3 Bd7 9. Qc4 a6 10. Qd3 Be6 11. Be2 0-0 12. 0-0 b5 13. a4 b4 14. Nd5 Bxd5 15. exd5 Ne5 16. Nxe5 dxe5 17. Bf3 Qd6 18. Rad1 a5 19. Rfe1 Nd7 20. Qb5 Rfb8 21. Qc6 Rc8 22. Qb5 Bf8 23. Qe2 Rc7 24. Be4 Rac8 25. Bd3 f6 26. Be3 1/2-1/2

[Event "Wiesbaden op 29th"]
[Site "Wiesbaden"]
[Date "2017.08.25"]
[Round "2"]
[White "Kunisch, Nina"]
[Black "Miosga, Stefan"]
[Result "0-1"]
[WhiteElo "1601"]
[BlackElo "1824"]
[PlyCount "84"]
[EventDate "2017.08.24"]
[EventType "swiss"]
[EventRounds "7"]
[EventCountry "GER"]
[SourceTitle "CBM 180 Extra"]
[Source "ChessBase"]
[SourceDate "2017.10.06"]
[SourceVersion "1"]
[SourceVersionDate "2017.10.06"]
[SourceQuality "1"]

1. e4 c5 2. c4 Nc6 3. Nc3 g6 4. g3 Bg7 5. Bg2 d6 6. Nge2 Ne5 7. d3 Bg4 8. 0-0 Bf3 9. Be3 Qd7 10. Bxf3 Nxf3+ 11. Kg2 Ne5 12. Rb1 Nf6 13. b4 b6 14. a3 h5 15. h4 0-0 16. Qd2 Kh7 17. b5 Neg4 18. Bf4 Ng8 19. f3 e5 20. Be3 Nxe3+ 21. Qxe3 Bh6 22. Qg1 f5 23. Nd5 Rf7 24. Nec3 Raf8 25. a4 Rg7 26. Qh1 Ne7 27. Rb2 Nxd5 28. Nxd5 Qd8 29. Rbf2 g5 30. hxg5 Qxg5 31. Qh3 f4 32. Kh1 fxg3 33. Rg2 h4 34. Kg1 Rgf7 35. Rd1 Kh8 36. Qe6 Rxf3 37. Qxd6 h3 38. Re2 g2 39. Ne7 h2+ 40. Kxh2 Qg3+ 41. Kg1 Rf1+ 42. Rxf1 Rxf1# 0-1

[Event "GER-ch U12 Girls"]
[Site "Willingen"]
[Date "2016.05.20"]
[Round "9"]
[White "Kunisch, Nina"]
[Black "Pavlov, Liliane"]
[Result "1-0"]
[WhiteElo "1607"]
[BlackElo "1445"]
[PlyCount "139"]
[EventDate "2016.05.15"]
[EventType "swiss"]
[EventRounds "11"]
[EventCountry "GER"]
[SourceTitle "CBM 172 Extra"]
[Source "ChessBase"]
[SourceDate "2016.06.21"]
[SourceVersion "1"]
[SourceVersionDate "2016.06.21"]
[SourceQuality "1"]

1. e4 b6 2. d4 Bb7 3. Nc3 e6 4. Nf3 Bb4 5. Bd3 Nf6 6. Qe2 Bxc3+ 7. bxc3 d6 8. 0-0 h6 9. a4 Nbd7 10. Bd2 0-0 11. Rfe1 Re8 12. Ba6 Bxa6 13. Qxa6 e5 14. Qd3 exd4 15. cxd4 Qe7 16. Bc3 c5 17. e5 dxe5 18. dxe5 Nh7 19. Re3 Rad8 20. Qf5 Ndf8 21. Rae1 Qd7 22. Nh4 Qxa4 23. Nf3 Qd7 24. Qf4 Ng6 25. Qg3 Re6 26. Nh4 Nxh4 27. Qxh4 Rde8 28. Qg4 Qc6 29. Rf3 Rg6 30. Qf4 Ng5 31. Rg3 Ree6 32. Ree3 a5 33. h4 Nh7 34. Ref3 Qd7 35. Rd3 Qe8 36. Rxg6 Rxg6 37. Qf5 a4 38. Rd7 Nf8 39. Rc7 Ne6 40. Ra7 b5 41. Qf3 Nf8 42. Qd5 c4 43. Bb4 Qe6 44. Qd8 Qxe5 45. Qxf8+ Kh7 46. Qe7 Qd5 47. Qb7 Qd1+ 48. Kh2 Qg4 49. g3 Qf5 50. Qxf7 Qxf7 51. Rxf7 Rf6 52. Rxf6 gxf6 53. Kg2 Kg6 54. Kf3 Kf5 55. c3 h5 56. Bc5 Ke6 57. Ke4 f5+ 58. Kf4 Kd5 59. Bb4 Ke6 60. Kg5 Ke5 61. Kxh5 Ke4 62. Kg5 Kd3 63. h5 a3 64. Bxa3 Kxc3 65. h6 b4 66. Bxb4+ Kxb4 67. h7 c3 68. h8Q Kb3 69. Qc8 c2 70. Kxf5 1-0

[Event "GER-ch U12 Girls"]
[Site "Willingen"]
[Date "2016.05.18"]
[Round "6"]
[White "Brunner, Sophia"]
[Black "Kunisch, Nina"]
[Result "1/2-1/2"]
[WhiteElo "1523"]
[BlackElo "1607"]
[PlyCount "102"]
[EventDate "2016.05.15"]
[EventType "swiss"]
[EventRounds "11"]
[EventCountry "GER"]
[SourceTitle "CBM 172 Extra"]
[Source "ChessBase"]
[SourceDate "2016.06.21"]
[SourceVersion "1"]
[SourceVersionDate "2016.06.21"]
[SourceQuality "1"]

1. d4 Nf6 2. Nc3 d5 3. Bf4 e6 4. e3 Bb4 5. Bd3 0-0 6. a3 Bd6 7. Bg5 Be7 8. Nf3 b6 9. 0-0 Bb7 10. Ne2 Ne4 11. Bxe7 Qxe7 12. Ng3 Nd7 13. Nd2 Nxd2 14. Qxd2 c5 15. c3 Nf6 16. Qc2 c4 17. Be2 Bc6 18. Bf3 Qb7 19. Qe2 a5 20. Rfe1 b5 21. e4 dxe4 22. Bxe4 Bxe4 23. Nxe4 Nxe4 24. Qxe4 Qxe4 25. Rxe4 b4 26. Re3 bxa3 27. Rxa3 Rfb8 28. Ra2 a4 29. Re1 a3 30. Rxa3 Rxa3 31. bxa3 Rb3 32. Rc1 Rxa3 33. Kf1 Kf8 34. Rc2 Ke7 35. Ke2 Kd6 36. Kd2 Kd5 37. Ke3 f6 38. f4 g6 39. g3 h6 40. Kf3 h5 41. Ke3 e5 42. fxe5 fxe5 43. dxe5 Kxe5 44. Kf3 g5 45. h3 Kf5 46. g4+ hxg4+ 47. hxg4+ Ke5 48. Ke3 Kd5 49. Kf3 Rb3 50. Rd2+ Ke5 51. Re2+ Kd5 1/2-1/2

[Event "Heusenstamm Sparkassen op-A 2nd"]
[Site "Heusenstamm"]
[Date "2015.11.29"]
[Round "7"]
[White "Kunisch, Nina"]
[Black "Weiland, Thomas"]
[Result "0-1"]
[WhiteElo "1406"]
[BlackElo "1812"]
[PlyCount "108"]
[EventDate "2015.11.26"]
[EventType "swiss"]
[EventRounds "7"]
[EventCountry "GER"]
[SourceTitle "EXT 2018"]
[Source "ChessBase"]
[SourceDate "2017.10.13"]
[SourceVersion "1"]
[SourceVersionDate "2017.10.13"]
[SourceQuality "1"]

1. e4 d5 2. exd5 Qxd5 3. Nc3 Qd8 4. Nf3 Nf6 5. Bc4 Bf5 6. d3 e6 7. Bg5 Be7 8. Bf4 c6 9. 0-0 0-0 10. d4 Nbd7 11. Bd3 Bxd3 12. Qxd3 Nb6 13. Ng5 h6 14. Nge4 Nbd5 15. Nxf6+ Bxf6 16. Nxd5 exd5 17. Be5 Bxe5 18. dxe5 Re8 19. Rfe1 Qb6 20. Qc3 Re6 21. Qb3 Qxb3 22. axb3 a6 23. c4 Rae8 24. f4 f6 25. cxd5 cxd5 26. Rad1 fxe5 27. Rxd5 exf4 28. Rxe6 Rxe6 29. Kf2 Rb6 30. Rd3 g5 31. Kf3 Kf7 32. Kg4 Kg6 33. h3 h5+ 34. Kf3 Rb5 35. Ke4 Kf6 36. Rd6+ Ke7 37. Rd3 Ke6 38. Kf3 Kf5 39. Rc3 a5 40. Rd3 b6 41. Rc3 g4+ 42. hxg4+ hxg4+ 43. Kf2 Rd5 44. Ke1 b5 45. Rc8 Ke4 46. Rf8 Re5 47. Kf2 Rf5 48. Rxf5 Kxf5 49. Ke2 Ke4 50. Kf2 Kd4 51. Ke2 Kc5 52. Kd3 Kb4 53. Ke4 f3 54. gxf3 gxf3 0-1

[Event "Heusenstamm Sparkassen op-A 2nd"]
[Site "Heusenstamm"]
[Date "2015.11.27"]
[Round "2"]
[White "Hinrichs, Hans Uwe"]
[Black "Kunisch, Nina"]
[Result "1-0"]
[WhiteElo "2167"]
[BlackElo "1406"]
[PlyCount "51"]
[EventDate "2015.11.26"]
[EventType "swiss"]
[EventRounds "7"]
[EventCountry "GER"]
[SourceTitle "EXT 2018"]
[Source "ChessBase"]
[SourceDate "2017.10.13"]
[SourceVersion "1"]
[SourceVersionDate "2017.10.13"]
[SourceQuality "1"]

1. Nc3 e5 2. e4 Nf6 3. f4 d6 4. Nf3 Nc6 5. Bb5 Bg4 6. d3 a6 7. Bxc6+ bxc6 8. h3 Bxf3 9. Qxf3 g6 10. fxe5 dxe5 11. Bg5 Be7 12. 0-0 Ng8 13. Qxf7+ Kd7 14. Qg7 h6 15. Be3 Nf6 16. Rxf6 Rg8 17. Qf7 Kc8 18. Qe6+ Kb8 19. Rf7 Re8 20. Qxc6 Bd6 21. Raf1 g5 22. Nd5 Ra7 23. Bxa7+ Kxa7 24. Rd7 Qa8 25. Qxd6 Rc8 26. Qb6# 1-0

[Event "EU Union-ch U12 13th"]
[Site "Mureck"]
[Date "2015.08.13"]
[Round "9"]
[White "Trzaskowska, Hanna"]
[Black "Kunisch, Nina"]
[Result "1-0"]
[WhiteElo "1192"]
[BlackElo "1496"]
[PlyCount "109"]
[EventDate "2015.08.05"]
[EventType "swiss"]
[EventRounds "9"]
[EventCountry "AUT"]
[SourceTitle "EXT 2016"]
[Source "ChessBase"]
[SourceDate "2015.10.08"]
[SourceVersion "1"]
[SourceVersionDate "2015.10.08"]
[SourceQuality "1"]

1. e4 c5 2. Nf3 Nc6 3. c3 g6 4. d4 cxd4 5. cxd4 Bg7 6. Nc3 d6 7. h3 Nf6 8. Be2 0-0 9. 0-0 d5 10. e5 Ne4 11. Be3 a6 12. Nd2 Nxc3 13. bxc3 Qa5 14. Qb3 Rb8 15. Bf3 Be6 16. Rfd1 Rfc8 17. Rac1 Na7 18. Be2 Bd7 19. Re1 e6 20. c4 dxc4 21. Nxc4 Qb5 22. Nd6 Qxb3 23. axb3 Rxc1 24. Rxc1 Bc6 25. d5 Bxd5 26. Bxa7 Ra8 27. Bd4 b5 28. Bf3 Bxf3 29. gxf3 b4 30. Rc8+ Rxc8 31. Nxc8 a5 32. Kg2 Kf8 33. f4 Ke8 34. Nd6+ Ke7 35. Nb7 f6 36. Nxa5 fxe5 37. fxe5 Kd7 38. Kf3 Bh6 39. Ke2 Kc7 40. Kd3 Bf4 41. Kc4 Bd2 42. Bc5 Bc3 43. Bd6+ Kb6 44. Bxb4 Bxe5 45. Bd2 Bh2 46. b4 e5 47. Be3+ Kc7 48. f3 h5 49. Kc5 Bg3 50. b5 Be1 51. b6+ Kb8 52. Nc6+ Kb7 53. Nxe5 Ba5 54. Kb5 Bc3 55. Nxg6 1-0

[Event "EU Union-ch U12 13th"]
[Site "Mureck"]
[Date "2015.08.08"]
[Round "4"]
[White "Kunisch, Nina"]
[Black "Schernthaner, David"]
[Result "0-1"]
[WhiteElo "1496"]
[BlackElo "1581"]
[PlyCount "54"]
[EventDate "2015.08.05"]
[EventType "swiss"]
[EventRounds "9"]
[EventCountry "AUT"]
[SourceTitle "EXT 2016"]
[Source "ChessBase"]
[SourceDate "2015.10.08"]
[SourceVersion "1"]
[SourceVersionDate "2015.10.08"]
[SourceQuality "1"]

1. e4 c5 2. Nf3 d6 3. d4 cxd4 4. Nxd4 Nf6 5. Nc3 g6 6. Be3 Bg7 7. f3 Nc6 8. Qd2 0-0 9. 0-0-0 a6 10. g4 Nxd4 11. Qxd4 Nxg4 12. Qd2 Nxe3 13. Qxe3 Qa5 14. Kb1 Bxc3 15. Qxc3 Qxc3 16. bxc3 Be6 17. h4 Rac8 18. Kb2 Rc5 19. Rh2 Rfc8 20. c4 Bxc4 21. Bxc4 Rxc4 22. Rg1 h5 23. Re1 R8c5 24. f4 e6 25. Kb3 b5 26. Rd1 a5 27. Rxd6 Rb4+ 0-1

[Event "EU Union-ch U12 13th"]
[Site "Mureck"]
[Date "2015.08.07"]
[Round "3"]
[White "Urbanc, Tina"]
[Black "Kunisch, Nina"]
[Result "1/2-1/2"]
[WhiteElo "1216"]
[BlackElo "1496"]
[PlyCount "112"]
[EventDate "2015.08.05"]
[EventType "swiss"]
[EventRounds "9"]
[EventCountry "AUT"]
[SourceTitle "EXT 2016"]
[Source "ChessBase"]
[SourceDate "2015.10.08"]
[SourceVersion "1"]
[SourceVersionDate "2015.10.08"]
[SourceQuality "1"]

1. e4 c5 2. Nf3 g6 3. d4 cxd4 4. Nxd4 Nf6 5. Nc3 d6 6. Bb5+ Bd7 7. Qe2 Bg7 8. 0-0 0-0 9. h3 Qb6 10. Rd1 a6 11. Bxd7 Nbxd7 12. Rb1 Rac8 13. Be3 Nc5 14. f3 Nfd7 15. b4 Qd8 16. bxc5 dxc5 17. Nb3 Bxc3 18. Nxc5 Rc7 19. Qd3 Nxc5 20. Qxd8 Rxd8 21. Rxd8+ Kg7 22. Bxc5 Rxc5 23. Kf1 b6 24. Rxb6 Ba5 25. Rdb8 Bxb6 26. Rxb6 a5 27. Rb2 Kf6 28. Ke2 h5 29. Kd3 Rg5 30. Kd4 Ke6 31. c4 Kd6 32. a4 h4 33. Ke3 Rc5 34. Kd4 Rg5 35. Rf2 Rg3 36. e5+ Kc6 37. Rb2 Rg5 38. c5 f6 39. Rb6+ Kc7 40. exf6 exf6 41. Rxf6 Rxg2 42. c6 Ra2 43. Kc5 Rxa4 44. Rf7+ Kc8 45. Kb6 Rb4+ 46. Kxa5 Rb1 47. Rg7 Ra1+ 48. Kb5 Rb1+ 49. Kc5 Rc1+ 50. Kd5 Rd1+ 51. Ke5 Rh1 52. c7 g5 53. Rxg5 Kxc7 54. Kf4 Rxh3 55. Kg4 Rg3+ 56. Kxh4 Rxf3 1/2-1/2

[Event "Wiesbaden op 26th"]
[Site "Wiesbaden"]
[Date "2014.08.31"]
[Round "7"]
[White "Kunisch, Nina"]
[Black "Wachsmann, Elmar"]
[Result "1-0"]
[WhiteElo "1249"]
[BlackElo "1029"]
[PlyCount "110"]
[EventDate "2014.08.28"]
[EventType "swiss"]
[EventRounds "7"]
[EventCountry "GER"]
[SourceTitle "CBM 162 Extra"]
[Source "ChessBase"]
[SourceDate "2014.10.17"]
[SourceVersion "1"]
[SourceVersionDate "2014.10.17"]
[SourceQuality "1"]

1. e4 e5 2. Nf3 Nc6 3. Bb5 Nge7 4. 0-0 g6 5. c3 Bg7 6. d4 0-0 7. Bg5 exd4 8. cxd4 d5 9. e5 Bg4 10. Be2 Qd7 11. Nc3 Qf5 12. Bxe7 Nxe7 13. Nh4 Qg5 14. Bxg4 Qxh4 15. Bf3 Rfd8 16. g3 Qh6 17. Qb3 c6 18. Qxb7 Bf8 19. Qb3 Rab8 20. Qc2 Nf5 21. Rfd1 Rb7 22. b3 Rb4 23. Ne2 Rc8 24. Qc1 Qg7 25. Bxd5 Rbb8 26. Be4 c5 27. Bxf5 gxf5 28. Qe3 cxd4 29. Nxd4 Rc5 30. Nxf5 Qxe5 31. Qxe5 Rxe5 32. Ne3 Bg7 33. Rac1 Bh6 34. Ng4 Bxc1 35. Nxe5 Bb2 36. Nc6 Rb7 37. Na5 Re7 38. Nc6 Rc7 39. Nb4 Kg7 40. Nd3 Bf6 41. Nb4 Be7 42. Nd5 Rd7 43. Ne3 Rb7 44. Nf5+ Kf6 45. Nxe7 Kxe7 46. h4 Rc7 47. Rd2 Ke6 48. Kg2 Rc3 49. Re2+ Kf6 50. Kf1 Rd3 51. Ke1 a5 52. Rc2 Rd5 53. Rc6+ Kg7 54. Ke2 Re5+ 55. Kf3 f6 1-0

[Event "Karl Mala Memorial op-B 17th"]
[Site "Frankfurt"]
[Date "2014.08.03"]
[Round "6"]
[White "Schwarz, Daniel"]
[Black "Kunisch, Nina"]
[Result "1-0"]
[WhiteElo "1418"]
[BlackElo "1215"]
[PlyCount "79"]
[EventDate "2014.07.31"]
[EventType "swiss"]
[EventRounds "7"]
[EventCountry "GER"]
[SourceTitle "EXT 2015"]
[Source "ChessBase"]
[SourceDate "2014.11.20"]
[SourceVersion "1"]
[SourceVersionDate "2014.11.20"]
[SourceQuality "1"]

1. e4 c6 2. Nf3 d5 3. Nc3 Nf6 4. exd5 cxd5 5. Be2 e6 6. Bb5+ Nc6 7. d3 a6 8. Bxc6+ bxc6 9. 0-0 Bd6 10. Bg5 Be7 11. Qe2 Qc7 12. d4 Ng4 13. Bxe7 Qxe7 14. h3 Nf6 15. Rfe1 Qc7 16. Ne5 Nd7 17. Nxf7 0-0 18. Ng5 Nf6 19. Nxe6 Bxe6 20. Qxe6+ Rf7 21. Qf5 Ne4 22. Nxd5 Qb7 23. Qxe4 cxd5 24. Qe6 Rc8 25. c3 Qxb2 26. Qxc8+ Rf8 27. Qe6+ Rf7 28. Qxd5 Qb8 29. Re7 Qf8 30. Rae1 g6 31. Re8 Qxe8 32. Rxe8+ Kg7 33. Qe5+ Kh6 34. Rg8 Rf5 35. Qg7+ Kg5 36. h4+ Kxh4 37. Qxh7+ Rh5 38. Qxg6 Rg5 39. Rh8+ Kg4 40. Qe4# 1-0

[Event "Karl Mala Memorial op-B 17th"]
[Site "Frankfurt"]
[Date "2014.08.02"]
[Round "4"]
[White "Kunisch, Nina"]
[Black "Flach, Helene"]
[Result "1/2-1/2"]
[WhiteElo "1215"]
[BlackElo "1636"]
[PlyCount "41"]
[EventDate "2014.07.31"]
[EventType "swiss"]
[EventRounds "7"]
[EventCountry "GER"]
[SourceTitle "EXT 2015"]
[Source "ChessBase"]
[SourceDate "2014.11.20"]
[SourceVersion "1"]
[SourceVersionDate "2014.11.20"]
[SourceQuality "1"]

1. e4 c5 2. Nf3 e6 3. d4 cxd4 4. Nxd4 a6 5. Nc3 Qc7 6. Be3 Nf6 7. a3 b5 8. Bd3 Bb7 9. Nde2 Be7 10. 0-0 d5 11. exd5 Nxd5 12. Nxd5 Bxd5 13. Nc3 Bb7 14. a4 b4 15. Ne4 a5 16. Qg4 Rg8 17. Bf4 Qb6 18. Rad1 g5 19. Bd6 Nd7 20. Bxe7 Kxe7 21. Qh5 1/2-1/2